000 00741nam a2200265Ia 4500
003 OSt
005 20221006141004.0
006 a|||||r|||| 00| 0
007 ta
008 221006b |||||||| |||| 00| 0 chi d
024 _a1,142
037 _bGift, PRC
_cTextual
040 _aEASL
_cEASL
_bchi
041 _2chi
_achi
082 _ak41,N92, N2.1
100 _aJIANG Chunfang Ed.
_9643911
245 0 _aZhongguo da baike quan shu
260 _aBeijing
_bZhongguo da baike quan shu China
_c1992
300 _a637p.
_ccm.
490 _v V.1RR
650 _aCL
_9642733
700 _a MEI Yi Ed.
_9643912
942 _hk41,N92, N2.1
_cTEXL
_2CC
999 _c1069228
_d1069228